000 00629nam a2200217Ia 4500
001 15589
003 GE_BSU
008 181216s||||||||xx |||||||||||||| ||und||
040 _cGE_BSU
100 _aჩხეიძე, ბორის
245 _aლიახვის პირას
245 _bრომანი
245 _cრედ.დ.შენგელია
260 _aთბილისი
260 _bსაბჭოთა მწერალი
260 _c1947
300 _a347გვ. ; 22სმ
653 _aლიახვის პირას
653 _aრომანი
942 _cBK
999 _c48689
_d48689